South Eastern Kenya University

Library Online Public Access Catalogue


Chemistry (Record no. 3936)

MARC details
000 -LEADER
fixed length control field 00445nam a22001817a 4500
003 - CONTROL NUMBER IDENTIFIER
control field OSt
005 - DATE AND TIME OF LATEST TRANSACTION
control field 20150610095343.0
008 - FIXED-LENGTH DATA ELEMENTS--GENERAL INFORMATION
fixed length control field 150610b xxu||||| |||| 00| 0 eng d
040 ## - CATALOGING SOURCE
Original cataloging agency SEKU
050 ## - LIBRARY OF CONGRESS CALL NUMBER
Classification number QD 31.2
Item number .K57
100 ## - MAIN ENTRY--PERSONAL NAME
Relator code Kneen W.R
245 ## - TITLE STATEMENT
Title Chemistry
Remainder of title Facts,Patterns and Principles
260 ## - PUBLICATION, DISTRIBUTION, ETC. (IMPRINT)
Place of publication, distribution, etc. London,
Name of publisher, distributor, etc. Addison-Wesley,
Date of publication, distribution, etc. 1972.
300 ## - PHYSICAL DESCRIPTION
Extent 861p.
600 ## - SUBJECT ADDED ENTRY--PERSONAL NAME
Personal name Rogers .M.J.W
700 ## - ADDED ENTRY--PERSONAL NAME
Personal name Simpson .P
942 ## - ADDED ENTRY ELEMENTS (KOHA)
Source of classification or shelving scheme Library of Congress Classification
Koha item type General circulation
Holdings
Withdrawn status Lost status Source of classification or shelving scheme Damaged status Not for loan Home library Current library Date acquired Cost, normal purchase price Total Checkouts Full call number Barcode Date last seen Cost, replacement price Price effective from Koha item type
    Library of Congress Classification     Main Campus Library Main Campus Library 10/06/2015 2000.00   QD 31.2 .K57 001286 10/06/2015 2500.00 10/06/2015 General circulation
Kitui, Kenya.
+254736116989
library@seku.ac.ke